000
00167nam a2200073Ia 4500
008
170524s9999 xx 000 0 und d
100
_a
MAHESHWARI
245
0
_a
FINANCIAL ACCOUTING
260
_b
HIMALAYA
999
_c
8054
_d
8054